| 000 | 01267nam0a22003131 4500 | ||
|---|---|---|---|
| 001 | rc\4135821 | ||
| 005 | 20260407074752.0 | ||
| 021 |
_aRU _b[52-41868] |
||
| 035 | _a(NLR Aleph) 008160331 | ||
| 090 |
_a7797635 _c7797635 |
||
| 100 | _a20131026d1950 |||y0rusy50 ca | ||
| 101 | 0 | _arus | |
| 102 | _aRU | ||
| 105 | _aa z ||||| | ||
| 200 | 1 |
_aПоединок на Куликовом поле _eКартина М.И. Авилова _fГос. Рус. музей |
|
| 210 |
_aЛенинград _cБ. и. _d1950 |
||
| 215 |
_a12 с., 1 л. ил. _d14 |
||
| 300 | _aАвт. указан в конце текста | ||
| 606 |
_aИсторическая живопись, русская, советская _2psbo |
||
| 606 |
_aРусская советская живопись _2psbo |
||
| 606 |
_aКуликовская битва 1380 г. в живописи _2psbo |
||
| 700 | 1 |
_aПружан _bИ. Н. _gИрина Николаевна |
|
| 702 | 1 |
_4040 _aАвилов _bМ. И. _f1882-1954 _gМихаил Иванович _9127676 _3RU\NLR\AUTH\770127701 |
|
| 712 | 0 | 2 |
_aРусский музей _cЛенинград _3RU\NLR\AUTH\883707 _9278730 |
| 801 | 0 |
_aRU _bNLR _gpsbo |
|
| 801 | 1 |
_aRU _bELAR _2rusmarc |
|
| 852 |
_aNLR _jИс30 Г-2/524 |
||
| 942 | _cBOOK | ||
| 980 | _aNB | ||